000 00440nam a2200181Ia 4500
001 23383
005 20260414150933.0
008 260414t2010||||xx |||||||||||||| ||spa||
041 _aESP
082 _a629.982
_bM38
100 _aMeier, Reto
_eAUT
245 0 _aProfessional android 2 application development
_b
260 _c2010
300 _a 000 páginas :
_c00 cm.
650 _aCNM
654 _aCCN
942 _cLIB
_dJUS
_fJUS
_2ddc
_n
999 _c23383
_d23383